000 00465cam a2200193ua 4500
001 11899
008 191116n ii |||gr||||Z||||||eng
020 _a9789380261775
040 _cMAIN
082 _a370
100 _aKC Kapoor,
_eAuthor.,
245 _aPopulation Education
_cBy K.C Kapoor
250 _a1st ed.
260 _aGuwahati:
_bEBH Publishers,
_c2013.
300 _a330p.
653 _aEducation
700 _aAnupam Kapoor,
_eAuthor.
942 _cBK
999 _c10688
_d10688